Protección social y mercado laboral (Registro nro. 4034)

Detalles MARC
000 -LEADER
fixed length control field 01432 a2200277 4500
001 - CONTROL NUMBER
control field 45865
005 - DATE AND TIME OF LATEST TRANSACTION
control field 20260407155730.0
008 - FIXED-LENGTH DATA ELEMENTS--GENERAL INFORMATION
fixed length control field 260407a2004 arg spa d
003 - CONTROL NUMBER IDENTIFIER
control field AR-UNSa-BCEJYS
040 ## - CATALOGING SOURCE
Original cataloging agency AR-UNSa-BCEJYS
Language of cataloging spa
Transcribing agency AR-UNSa-BCEJYS
080 ## - UNIVERSAL DECIMAL CLASSIFICATION NUMBER
Universal Decimal Classification number 369:331.5
Common auxiliary subdivision Seguridad Social y Mercado Laboral
020 ## - INTERNATIONAL STANDARD BOOK NUMBER
International Standard Book Number 92-2-316538-5
041 ## - LANGUAGE CODE
Language code of text/sound track or separate title spa
100 1# - MAIN ENTRY--PERSONAL NAME
Personal name Bucheli, Marisa
245 10 - TITLE STATEMENT
Title Protección social y mercado laboral
264 #1 - PRODUCTION, PUBLICATION, DISTRIBUTION, MANUFACTURE, AND COPYRIGHT NOTICE
Place of production, publication, distribution, manufacture Santiago :
Name of producer, publisher, distributor, manufacturer Organización Internacional de Trabajo
Date of production, publication, distribution, manufacture, or copyright notice 2004
300 ## - PHYSICAL DESCRIPTION
Extent 197 p.
Dimensions 23 cm.
505 ## - FORMATTED CONTENTS NOTE
Formatted contents note 1. ¿Desarticulación o subordinación? Protección social y mercado laboral en América Latina / Fabio M. Bertranou – 2. América Latina: Estudio de la protección social y el empleo sobre la base de hogares / Leonardo Gasparini – 3. Argentina: Dinámica de la protección social y el mercado laboral, 1995-2002 / Jorge A. Paz – 4. Chile: Dinámica de la informalidad y la desprotección de la población en edad de trabajar, 1992-2002 / Ximena Quintanilla – 5. Uruguay: La cobertura de la seguridad social en el empleo, 1991-2002 / Marisa Bucheli.
590 ## - LOCAL NOTE (RLIN)
Local note niveau_biblio:m niveau_hierar:0
700 1# - ADDED ENTRY--PERSONAL NAME
Personal name Bertranou, Fabio M.
700 1# - ADDED ENTRY--PERSONAL NAME
Personal name Gasparini, Leonardo C.
700 1# - ADDED ENTRY--PERSONAL NAME
Personal name Paz, Jorge Augusto
700 1# - ADDED ENTRY--PERSONAL NAME
Personal name Quintanilla, Ximena
856 41 - ELECTRONIC LOCATION AND ACCESS
Uniform Resource Identifier <a href="https://www.biblioeco.unsa.edu.ar/pmb/images/libros/L127205.jpg">https://www.biblioeco.unsa.edu.ar/pmb/images/libros/L127205.jpg</a>
Link text Imagen de portada
Electronic format type image/jpeg
942 ## - ADDED ENTRY ELEMENTS (KOHA)
Koha item type
Existencias
Withdrawn status Lost status Damaged status Not for loan Home library Current library Shelving location Date acquired Total checkouts Full call number Barcode Date last seen Price effective from Koha item type
        Biblioteca Prof. Eusebio Cleto del Rey Biblioteca Prof. Eusebio Cleto del Rey   07/04/2026   369:331.5 B548 L127205 07/04/2026 07/04/2026 Libro